| 000 | 00640nam a2200253Ia 4500 | ||
|---|---|---|---|
| 005 | 20250425160734.0 | ||
| 008 | 250425s9999 xx 000 0 und d | ||
| 020 | _a8426707580 | ||
| 041 | _aspa | ||
| 043 | _asp | ||
| 082 | _a621.3815 | ||
| 100 | _aWEISKE, WOLFGANG | ||
| 245 | 0 | _aCORRIENTE TRIFASICA EP 35:ENSEÑANZA PROGRAMADA EP 35 | |
| 250 | _a1A ED. | ||
| 260 | _aBARCELONA | ||
| 260 |
_aEspaña _bMARCOMBO _c1989 |
||
| 300 | _a64 | ||
| 650 | _aCIRCUITOS CONECTADOS EN ESTRELLA | ||
| 650 | _aCORRIENTES TRIFASICAS | ||
| 650 | _aENSEÑANZA PROGRAMADA | ||
| 650 | _aLINEAS TRIFASICAS | ||
| 942 | _c01 | ||
| 010 | _a3953 | ||
| 999 |
_c195200 _d195200 |
||